000 00696nam a2200217 a 4500
999 _c2910
_d2910
001 2910
003 BD-JhCC
005 20171108105105.0
008 171108s1381 bg |||| |||| 000 0 ben d
035 _a(BD-JhCC)2910
040 _aBD-JhCC
_dBD-JhCC
041 _aben
082 _a891.443
_bDEB 1381
100 _aদেবী, আশাপূর্ণা
245 _aঝিনুকে সেই তারা /
_cআশাপূর্ণা দেবী
260 _aকলিকাতা :
_bঅমর সাহিত্য প্রকাশন,
_c১৩৮১.
300 _a১৩৫ পৃ. :
_c২১ সেমি.
650 _aBengali novel
942 _2ddc
_cBK